Scorpion - Drake - Statistics

General Stats
  • This quiz has been taken 27 times
  • The average score is 12 of 25
Answer Stats
Songs Plays Artists % Correct
God's Plan 2,915,554,750 Drake
94%
Nice For What 1,428,483,567 Drake
78%
Don't Matter To Me 551,798,292 Drake, Michael Jackson
67%
In My Feelings 1,487,656,999 Drake
67%
Jaded 259,133,382 Drake
61%
Nonstop 1,256,559,396 Drake
61%
Sandra's Rose 151,208,203 Drake
56%
After Dark 122,019,711 Drake, Static Major, Ty Dolla $ign
50%
Emotionless 231,014,030 Drake
50%
Finesse 425,856,064 Drake
50%
March 14 65,384,378 Drake
50%
8 Out Of 10 140,241,764 Drake
44%
Blue Tint 162,187,608 Drake
44%
Final Fantasy 82,704,193 Drake
44%
I'm Upset 449,501,137 Drake
44%
Mob Ties 411,600,883 Drake
44%
Talk Up 118,748,622 Drake, JAY-Z
44%
Can't Take A Joke 249,492,876 Drake
39%
Elevate 176,864,196 Drake
39%
Peak 112,450,084 Drake
39%
Ratchet Happy Birthday 77,460,102 Drake
39%
Summer Games 135,220,665 Drake
39%
Survival 133,582,780 Drake
39%
That's How You Feel 162,195,927 Drake
39%
Is There More 86,035,660 Drake
17%
No matching quizzes found
Score Distribution
Percent of People with Each Score
Percentile by Number Answered
Your Score History
You have not taken this quiz